Southville International School and Colleges
Your cart is empty.
  • Cart
  • Lists
    Public lists Eva Luna New books Lux_list list_1
    Your lists Log in to create your own lists
  • Log in to your account
  • Your cookies
  • Search history
Southville International School and Colleges
  • Advanced search
  • Recent comments
  • Most popular
  • Libraries

Log in to your account

Log in with GOOGLE


If you do not have an external account, but do have a local account, you can still log in:

  1. Home
  2. MARC view: My granny went to market :
Normal view MARC view ISBD view

My granny went to market : (Record no. 337335)

[ view plain ]
MARC details
000 -LEADER
fixed length control field 00480nam a2200181Ia 4500
008 - FIXED-LENGTH DATA ELEMENTS--GENERAL INFORMATION
fixed length control field 170705s9999 xx 000 0 und d
020 ## - INTERNATIONAL STANDARD BOOK NUMBER
International Standard Book Number 9781905236626
245 ## - TITLE STATEMENT
Title My granny went to market :
245 ## - TITLE STATEMENT
Remainder of title a round-the-world counting rhyme /
245 ## - TITLE STATEMENT
Statement of responsibility, etc by Stella Blackstone and Christopher Corr.
260 ## - PUBLICATION, DISTRIBUTION, ETC. (IMPRINT)
Place of publication, distribution, etc Cambridge, MA :
260 ## - PUBLICATION, DISTRIBUTION, ETC. (IMPRINT)
Name of publisher, distributor, etc Barefoot Books,
260 ## - PUBLICATION, DISTRIBUTION, ETC. (IMPRINT)
Date of publication, distribution, etc 2005
300 ## - PHYSICAL DESCRIPTION
Extent unpaged :
300 ## - PHYSICAL DESCRIPTION
Other physical details chiefly colored ;
300 ## - PHYSICAL DESCRIPTION
Dimensions 24cm.
500 ## - GENERAL NOTE
General note 500

No items available.

My granny went to market :

APA

My granny went to market. Cambridge, MA: .

Chicago

My granny went to market. Cambridge, MA: .

Harvard

My granny went to market. Cambridge, MA: .

MLA

Cambridge, MA: . .

  • Print
  • Cite
  • Add to your cart (remove)
  • Save record
    BIBTEX Dublin Core MARCXML MARC (non-Unicode/MARC-8) MARC (Unicode/UTF-8) MARC (Unicode/UTF-8, Standard) MODS (XML) RIS
  • More searches
    Search for this title in:
    Other Libraries (WorldCat) Other Databases (Google Scholar) Online Stores (Bookfinder.com) Open Library (openlibrary.org)

Exporting to Dublin Core...

SOUTHVILLE LIBRARY

Southville International School and Colleges Library

1281 Tropical Ave. Cor. Luxembourg St., BF Homes International, Las Pinas City

Tel. No. 8256374 / 252358 Loc. 117/146

Powered by Koha